00767nam a2200193 a 450000100100000000500170001000800410002702000150006804000250008324501430010826000690025130000370032050400280035770000360038570000420042170000240046370000300048771000560051700004400120201002045102.0140513s1996 sp ad 000 0 spa d a8420694568 aDO-SdBNPbspacBNPHU10aEntre dos siglos :breflexiones sobre la democracia española /cO. Alzaga ... [et al.] ; J. Tusell, E. Lamo de Espinosa y R. Pardo, eds. aMadrid :bFundación Ortega y Gasset :bFundación BBV,c1996. a634 p. :bil., grád. ;c23 cm. aBibliografía : p. 63012aTusell, Javier,d1945-2005eed.12aLamo de Espinosa, Emilio,d1946-eed.12aPardo, Rafael,eed.12aAlzaga Villaamil, Óscar2 aFundación José Ortega y Gasset: Fundación BBV